[Event "Hasselbacken Open 2018"]
[Site "Stockholm"]
[Date "2018.11.04"]
[Round "7"]
[White "Ingbrandt, Johan"]
[Black "Petersson, Baldur Teodor"]
[Result "1-0"]
[WhiteElo "2364"]
[BlackElo "2181"]
[Annotator "NA"]
[PlyCount "63"]
[EventDate "2018.11.02"]
[EventCountry "SWE"]
[SourceTitle "playchess.com"]
[Source "ChessBase"]
[SourceQuality "1"]
[TimeControl "5400+30"]

1. Nf3 {[%emt 0:00:00]} Nf6 {[%emt 0:00:00]} 2. g3 {[%emt 0:00:00]} g6 {[%emt 0:00:07]} 3. b3 {[%emt 0:00:00]} Bg7 {[%emt 0:04:40]} 4. Bb2 {[%emt 0:00:09]} O-O {[%emt 0:00:18]} 5. Bg2 {[%emt 0:00:10]} d6 {[%emt 0:00:11]} 6. d4 {[%emt 0:00:12]} c5 {[%emt 0:00:22]} 7. O-O {[%emt 0:00:51]} Nc6 {[%emt 0:01:10]} 8. c4 {[%emt 0:02:44]} cxd4 {[%emt 0:02:18]} 9. Nxd4 {[%emt 0:03:47]} Bd7 {[%emt 0:00:26]} 10. Nc3 {[%emt 0:08:24]} Qa5 {[%emt 0:22:25] LiveBook: 169 Games} 11. Nc2 {[%emt 0:22:06]} Ng4 {[%emt 0:07:15]} 12. Qd2 {[%emt 0:04:20]} Qh5 {[%emt 0:02:20]} 13. h3 {[%emt 0:01:00]} Nf6 $14 {[%emt 0:01:03]} 14. h4 {[%emt 0:09:19]} Bh6 {[%emt 0:03:27]} 15. Ne3 {[%emt 0:03:25]} Ng4 {[%emt 0:13:08]} 16. f4 {[%emt 0:08:23]} Bg7 {[%emt 0:08:48]} 17. Nxg4 {[%emt 0:08:36]} Qxg4 {[%emt 0:00:17]} 18. Kh2 {[%emt 0:00:43]} Nd4 {[%emt 0:08:02]} 19. e3 {[%emt 0:05:42]} Nf5 {[%emt 0:01:53]} 20. Rf3 {[%emt 0:05:18]} Bc6 {[%emt 0:02:53]} 21. Nd5 {[%emt 0:01:19]} e6 {[%emt 0:00:57]} 22. Bxg7 {[%emt 0:01:26]} Kxg7 {[%emt 0:00:40]} 23. e4 {[%emt 0:02:12]} exd5 {[%emt 0:03:34]} 24. cxd5 {[%emt 0:00:59]} Bd7 {[%emt 0:00:52]} 25. exf5 {[%emt 0:01:28]} Qxf5 {[%emt 0:00:11]} 26. Rc1 {[%emt 0:00:45]} Rac8 {[%emt 0:00:39]} 27. Rfc3 {[%emt 0:00:26]} Rxc3 {[%emt 0:01:48]} 28. Rxc3 {[%emt 0:00:58]} Rc8 {[%emt 0:00:55]} 29. Rxc8 {[%emt 0:00:53]} Bxc8 {[%emt 0:00:06]} 30. Qd4+ {[%emt 0:00:32]} Qf6 {[%emt 0:02:13]} 31. Qxa7 {[%emt 0:00:15]} Qb2 {[%emt 0:00:08]} 32. Qb8 {[%emt 0:00:44]} 1-0

[Event "Hasselbacken Open 2018"]
[Site "Stockholm"]
[Date "2018.11.04"]
[Round "7"]
[White "Galinsky, Timofey"]
[Black "Nordebrink, Johan"]
[Result "1-0"]
[WhiteElo "2359"]
[BlackElo "2125"]
[Annotator "NA"]
[PlyCount "69"]
[EventDate "2018.11.02"]
[EventCountry "SWE"]
[SourceTitle "playchess.com"]
[Source "ChessBase"]
[SourceQuality "1"]
[TimeControl "5400+30"]

1. d4 {[%emt 0:01:32]} Nf6 {[%emt 0:00:00]} 2. Nf3 {[%emt 0:00:04]} d5 {[%emt 0:00:12]} 3. e3 {[%emt 0:00:14]} c5 {[%emt 0:00:40]} 4. c4 {[%emt 0:00:54]} cxd4 {[%emt 0:01:07]} 5. Nxd4 {[%emt 0:00:05]} e5 {[%emt 0:03:45]} 6. Nf3 {[%emt 0:00:11]} Nc6 {[%emt 0:14:51] LiveBook: 20 Games} 7. Nc3 {[%emt 0:10:23] [#] D04: Damenbauernspiele} (7. a3 $11) (7. cxd5 Qxd5 8. Nc3 Qxd1+ 9. Nxd1 e4 10. Nd2 Nb4 11. Bb5+ Bd7 12. Bxd7+ Kxd7 13. Ke2 Bd6 14. Nc3 Rhe8 {0-1 (55) Adly,A (2460)-Nisipeanu,L (2695) Turin 2006}) 7... Bb4 {[%emt 0:02:39]} (7... d4 $1 $17 {[%cal Rd4c3]} 8. Nd5 Nxd5 9. cxd5 Qxd5) 8. Bd2 {[%emt 0:02:18]} ({Better is} 8. cxd5 $15 Nxd5 9. Bd2) 8... O-O {[%emt 0:10:14]} 9. Nxd5 {[%emt 0:03:38]} Nxd5 {[%emt 0:02:47]} 10. cxd5 {[%emt 0:00:05]} Qxd5 {[%emt 0:00:48]} 11. Bxb4 {[%emt 0:00:07]} Qxd1+ {[%emt 0:00:29]} 12. Rxd1 {[%emt 0:00:07]} Nxb4 {[%emt 0:00:06]} 13. Nxe5 {[%emt 0:03:35]} Nc2+ $146 {[%emt 0:18:31]} ({Vorgänger:} 13... Nxa2 14. Bc4 Be6 15. Bxe6 fxe6 16. Rd6 {1-0 (26) Fanaskov,A (2039)-Denisov,N (2121) Kemerovo 2010}) 14. Kd2 {[%emt 0:00:35]} Nb4 {[%emt 0:00:05]} 15. Bc4 {[%emt 0:02:56]} b5 {[%emt 0:01:28]} 16. a3 {[%emt 0:05:48]} bxc4 {[%emt 0:10:00]} 17. axb4 {[%emt 0:01:41]} a5 {[%emt 0:00:16]} 18. bxa5 {[%emt 0:01:32]} Rxa5 {[%emt 0:00:10]} 19. Nxc4 {[%emt 0:00:07]} Rb5 {[%emt 0:01:14]} 20. Kc3 {[%emt 0:02:31]} Be6 {[%emt 0:00:28]} 21. b3 {[%emt 0:07:24]} Rfb8 {[%emt 0:01:24]} 22. Rb1 {[%emt 0:00:08]} Rb4 {[%emt 0:01:21]} 23. Nd2 {[%emt 0:00:09]} Bf5 {[%emt 0:01:33]} 24. Rb2 {[%emt 0:01:39]} Rg4 {[%emt 0:00:35]} 25. g3 {[%emt 0:00:36]} Rd8 {[%emt 0:00:09]} 26. Nc4 {[%emt 0:00:19]} Rd3+ {[%emt 0:03:13]} 27. Kb4 {[%emt 0:01:56]} Be6 {[%emt 0:00:31]} 28. Rc1 $18 {[%emt 0:01:59]} h5 {[%emt 0:00:21]} 29. Rcc2 {[%emt 0:03:38]} Rd8 {[%emt 0:02:11]} 30. Rd2 {[%emt 0:00:54]} Rb8+ {[%emt 0:00:07]} 31. Kc3 {[%emt 0:00:15]} Rxb3+ {[%emt 0:01:41]} 32. Rxb3 {[%emt 0:00:14]} Rxc4+ {[%emt 0:00:06]} 33. Kb2 {[%emt 0:00:04]} h4 {[%emt 0:00:37]} 34. Rb8+ {[%emt 0:00:36]} Kh7 {[%emt 0:00:07]} 35. Rd4 {[%emt 0:00:09]} 1-0

[Event "Hasselbacken Open 2018"]
[Site "Stockholm"]
[Date "2018.11.04"]
[Round "7"]
[White "Medvedyk, Volodymyr"]
[Black "Bellon Lopez, Juan Manuel"]
[Result "1/2-1/2"]
[WhiteElo "2303"]
[BlackElo "2337"]
[Annotator "NA"]
[PlyCount "139"]
[EventDate "2018.11.02"]
[EventCountry "SWE"]
[SourceTitle "playchess.com"]
[Source "ChessBase"]
[SourceQuality "1"]
[TimeControl "5400+30"]

1. e4 {[%emt 0:00:57]} c5 {[%emt 0:00:00]} 2. Nf3 {[%emt 0:00:19]} e6 {[%emt 0:00:00]} 3. d4 {[%emt 0:00:04]} cxd4 {[%emt 0:00:00]} 4. Nxd4 {[%emt 0:00:04]} a6 {[%emt 0:00:00]} 5. Nc3 {[%emt 0:00:12]} Qc7 {[%emt 0:00:00]} 6. Qf3 {[%emt 0:00:57]} b5 {[%emt 0:01:27]} (6... Nf6 $11 {keeps the balance.}) 7. Bf4 {[%emt 0:02:53]} d6 {[%emt 0:04:53] LiveBook: 4 Games} 8. Qg3 {[%emt 0:23:28]} ({White should play} 8. O-O-O $14) 8... Nf6 {[%emt 0:24:06]} 9. Bxb5+ {[%emt 0:09:03]} Bd7 {[%emt 0:02:48]} 10. Bxd7+ {[%emt 0:04:40]} Nbxd7 $16 {[%emt 0:00:27]} 11. Bd2 {[%emt 0:23:55]} Qb7 {[%emt 0:13:40]} 12. O-O {[%emt 0:03:25]} Be7 {[%emt 0:10:20]} 13. Qxg7 {[%emt 0:05:00]} Rg8 {[%emt 0:00:15]} 14. Qh6 {[%emt 0:00:08]} Nxe4 {[%emt 0:00:33]} 15. f3 {[%emt 0:00:54]} Rg6 {[%emt 0:03:05]} 16. Qe3 {[%emt 0:00:38]} Nxd2 {[%emt 0:00:39]} 17. Qxd2 {[%emt 0:00:09]} Qxb2 {[%emt 0:01:07]} 18. Rfb1 {[%emt 0:06:51]} Qa3 {[%emt 0:00:14]} 19. Ne4 {[%emt 0:03:02]} Nc5 {[%emt 0:01:35]} 20. Nxc5 {[%emt 0:02:28]} Qxc5 {[%emt 0:00:08]} 21. Kh1 {[%emt 0:01:25]} Rc8 {[%emt 0:03:01]} 22. Rb7 {[%emt 0:07:04]} Bf6 {[%emt 0:01:39]} 23. Rd1 {[%emt 0:03:22]} Bxd4 {[%emt 0:01:44]} 24. Qxd4 {[%emt 0:00:30]} Qxd4 {[%emt 0:00:12]} 25. Rxd4 {[%emt 0:00:04]} Rxc2 {[%emt 0:00:11]} 26. g3 {[%emt 0:00:42]} Rg5 {[%emt 0:05:15]} 27. Rxd6 {[%emt 0:00:43]} Re5 {[%emt 0:00:04]} 28. Rb1 {[%emt 0:00:32]} Rxa2 {[%emt 0:00:05]} 29. Rd4 {[%emt 0:00:29]} h5 {[%emt 0:03:07]} 30. Rdb4 {[%emt 0:00:31]} Re3 {[%emt 0:02:33]} 31. R1b2 {[%emt 0:00:29]} Raa3 {[%emt 0:04:09]} 32. Rb8+ {[%emt 0:00:29]} Ke7 {[%emt 0:00:18]} 33. f4 {[%emt 0:00:32]} h4 {[%emt 0:01:03]} 34. gxh4 {[%emt 0:00:22]} Rh3 {[%emt 0:00:31]} 35. R2b7+ {[%emt 0:00:27]} Kd6 {[%emt 0:00:18]} 36. Kg2 {[%emt 0:00:38]} Rxh4 {[%emt 0:00:14]} 37. Rxf7 {[%emt 0:00:31]} Ra2+ {[%emt 0:00:10]} 38. Kg3 {[%emt 0:00:19]} Rh6 {[%emt 0:02:34]} 39. Rd8+ {[%emt 0:00:34]} Kc6 {[%emt 0:00:14]} 40. Rc8+ {[%emt 0:00:31]} Kd5 {[%emt 0:00:51]} 41. Rd7+ {[%emt 0:00:32]} Ke4 {[%emt 0:00:05]} 42. Rc4+ {[%emt 0:00:09]} Kf5 {[%emt 0:00:15]} 43. Rc5+ {[%emt 0:00:55]} Kf6 {[%emt 0:00:22]} 44. Rcc7 {[%emt 0:00:29]} Rhxh2 {[%emt 0:01:37]} 45. Rf7+ {[%emt 0:00:10]} Kg6 {[%emt 0:00:05]} 46. Rg7+ {[%emt 0:00:23]} Kf5 {[%emt 0:00:08]} 47. Rg5+ {[%emt 0:00:59]} Kf6 {[%emt 0:00:09]} 48. Rcg7 {[%emt 0:00:31]} Rhg2+ {[%emt 0:01:59]} 49. Kf3 {[%emt 0:00:12]} Rxg5 {[%emt 0:00:23]} 50. Rxg5 {[%emt 0:00:02]} a5 {[%emt 0:00:05]} 51. Rh5 {[%emt 0:01:10]} Ra1 {[%emt 0:01:04]} 52. Ke4 {[%emt 0:00:36]} a4 {[%emt 0:01:18]} 53. Rh6+ {[%emt 0:00:20]} Kg7 {[%emt 0:00:52]} 54. Rh2 {[%emt 0:00:38]} a3 {[%emt 0:00:08]} 55. Rg2+ {[%emt 0:00:31]} Kf6 {[%emt 0:00:08]} 56. Kf3 {[%emt 0:00:24]} a2 {[%emt 0:00:28]} 57. Kg4 {[%emt 0:00:29]} Kg6 {[%emt 0:00:46]} 58. Kh4+ {[%emt 0:00:36]} Kf5 {[%emt 0:00:35]} 59. Kg3 {[%emt 0:00:10]} Ke4 {[%emt 0:00:47]} 60. Kg4 {[%emt 0:00:26]} Ke3 {[%emt 0:01:04]} 61. Kg3 {[%emt 0:00:24]} Rf1 {[%emt 0:03:20]} 62. Rxa2 {[%emt 0:00:06]} Rf3+ {[%emt 0:00:04]} 63. Kg4 {[%emt 0:01:17]} Rxf4+ {[%emt 0:00:07]} 64. Kg5 {[%emt 0:00:15]} Rf8 {[%emt 0:02:23]} 65. Ra3+ {[%emt 0:00:35]} Kd4 {[%emt 0:00:06]} 66. Ra4+ {[%emt 0:00:20]} Kd3 {[%emt 0:00:00]} 67. Ra3+ {[%emt 0:00:00]} Kc4 {[%emt 0:00:00]} 68. Ra4+ {[%emt 0:00:12]} Kb3 {[%emt 0:00:43]} 69. Re4 {[%emt 0:00:12]} Kb2 {[%emt 0:00:01]} 70. Rxe6 {[%emt 0:00:05]} 1/2-1/2

[Event "Hasselbacken Open 2018"]
[Site "Stockholm"]
[Date "2018.11.04"]
[Round "7"]
[White "Lundin, Jan"]
[Black "Crevatin, Leo"]
[Result "1/2-1/2"]
[WhiteElo "2293"]
[BlackElo "2130"]
[Annotator "NA"]
[PlyCount "65"]
[EventDate "2018.11.02"]
[EventCountry "SWE"]
[SourceTitle "playchess.com"]
[Source "ChessBase"]
[SourceQuality "1"]
[TimeControl "5400+30"]

1. e4 {[%emt 0:00:00]} Nf6 {[%emt 0:00:00]} 2. Nc3 {[%emt 0:01:53]} d5 {[%emt 0:00:00]} 3. e5 {[%emt 0:00:27]} d4 {[%emt 0:00:50]} 4. exf6 {[%emt 0:00:13]} dxc3 {[%emt 0:00:04]} 5. fxg7 {[%emt 0:00:19]} cxd2+ {[%emt 0:00:12]} 6. Qxd2 {[%emt 0:00:10]} Qxd2+ {[%emt 0:00:07]} 7. Bxd2 {[%emt 0:00:08]} Bxg7 {[%emt 0:00:03]} 8. O-O-O {[%emt 0:00:13]} Nc6 {[%emt 0:03:01] LiveBook: 56 Partien} 9. h4 {[%emt 0:04:19]} a6 {[%emt 0:03:28]} 10. h5 {[%emt 0:00:50]} h6 {[%emt 0:00:09]} 11. g3 {[%emt 0:03:45]} Bg4 {[%emt 0:02:39]} 12. f3 {[%emt 0:06:41]} Bd7 {[%emt 0:02:48]} 13. Ne2 {[%emt 0:08:17]} O-O-O $11 {[%emt 0:03:29]} 14. Bh3 {[%emt 0:04:59]} Bxh3 {[%emt 0:03:15]} 15. Rxh3 {[%emt 0:01:52]} Rd7 {[%emt 0:11:20]} 16. Rhh1 {[%emt 0:01:02]} Rhd8 {[%emt 0:00:37]} 17. Bc3 {[%emt 0:00:57]} Bxc3 {[%emt 0:05:14]} 18. Nxc3 {[%emt 0:05:49]} Rxd1+ {[%emt 0:02:16]} 19. Rxd1 {[%emt 0:03:14]} Rxd1+ {[%emt 0:03:07]} 20. Kxd1 {[%emt 0:01:48]} Nd4 {[%emt 0:10:31]} 21. f4 {[%emt 0:02:53]} f5 {[%emt 0:02:25]} 22. Nd5 {[%emt 0:02:49]} Kd7 {[%emt 0:00:18]} 23. Ne3 {[%emt 0:00:33]} Ke6 {[%emt 0:04:35]} 24. c3 {[%emt 0:02:37]} Nc6 {[%emt 0:05:22]} 25. Ke2 {[%emt 0:00:26]} Nb8 {[%emt 0:01:02]} 26. g4 {[%emt 0:12:04]} fxg4 {[%emt 0:00:14]} 27. Nxg4 {[%emt 0:00:41]} Nd7 {[%emt 0:00:33]} 28. Nxh6 {[%emt 0:03:43]} Nf6 {[%emt 0:00:32]} 29. Kf3 {[%emt 0:02:45]} Nxh5 {[%emt 0:00:06]} 30. Ng4 {[%emt 0:00:42]} Nf6 {[%emt 0:04:30]} 31. c4 {[%emt 0:06:29]} Nxg4 {[%emt 0:01:38]} 32. Kxg4 {[%emt 0:00:24]} Kf6 {[%emt 0:01:08]} 33. b4 {[%emt 0:08:43] Ke5} 1/2-1/2

[Event "Hasselbacken Open 2018"]
[Site "Stockholm"]
[Date "2018.11.04"]
[Round "8"]
[White "Cramling, Pia"]
[Black "Sjodahl, Pontus"]
[Result "1/2-1/2"]
[WhiteElo "2456"]
[BlackElo "2410"]
[Annotator "TA"]
[PlyCount "114"]
[EventDate "2018.11.02"]
[EventCountry "SWE"]
[SourceTitle "playchess.com"]
[Source "ChessBase"]
[SourceQuality "1"]

{[%evp 16,114,45,50,75,50,78,12,86,94,79,91,124,117,124,137,118,111,109,95,132,131,164,121,160,130,170,175,164,161,171,168,180,89,216,198,189,171,202,217,198,184,191,202,362,109,105,112,110,32,33,34,29,29,35,37,38,34,100,10,17,0,2,0,0,0,0,0,0,-8,0,-37,-37,-37,-37,-154,-152,-178,0,0,0,-8,0,0,0,0,0,0,0,0,0,-8,-8,-8,0,0,0,0,0,0,0]} 1. Nf3 Nf6 2. c4 e6 3. g3 d5 4. d4 Bb4+ 5. Bd2 Bd6 (5... Be7 6. Bg2 O-O 7. O-O Nbd7 8. Nc3 c6 9. Bf4 dxc4 10. e4 Re8 11. a4 b6 12. d5 exd5 13. exd5 Bb7 14. a5 bxa5 15. d6 Bf8 16. Nd2 Nd5 17. Nxd5 cxd5 18. Nxc4 dxc4 19. Bxb7 {½-½ (42) Nakamura,H (2777)-Karjakin,S (2773) Saint Louis 2018}) 6. Qc2 {E01: Catalan: Early deviations} c6 7. Nc3 Nbd7 8. e4 dxe4 9. Nxe4 {LiveBook: 18 Games} Bc7 10. Bg2 $146 ({Predecessor:} 10. Bd3 O-O 11. Nxf6+ Nxf6 12. O-O h6 {½-½ (33) Yordanov,L (2290)-Peng,S (2390) Paracin 2018}) 10... O-O 11. O-O (11. Nxf6+ $16 Qxf6 12. O-O-O) 11... Re8 (11... Nxe4 $11 12. Qxe4 e5) 12. Rad1 Nxe4 13. Qxe4 e5 14. dxe5 $1 Bxe5 15. Nxe5 Rxe5 16. Qd3 {aiming for Bc3.} Qf8 17. Bc3 Re6 18. Qd4 Nf6 19. Qf4 Qe7 20. a3 Re2 21. Bf3 Re6 22. Rd3 Bd7 23. Bxf6 gxf6 24. Rfd1 (24. Bg4 $18 {has better winning chances.}) 24... Be8 (24... Re1+ $16 25. Kg2 Rxd1 26. Bxd1 (26. Rxd1 Re8 $16) 26... Kg7) 25. Kg2 Re5 26. Qh6 c5 27. Bd5 Rc8 28. Rf3 Bc6 29. Rf4 (29. Rxf6 $6 Bxd5+ 30. cxd5 (30. Rxd5 Rxd5 31. cxd5 Qe4+ 32. f3 Qxd5 $14) 30... Rxd5 $16) 29... Rd8 $2 {[#]} (29... Rg5 30. Bxc6 (30. Rxf6 Bxd5+ 31. cxd5 Rxd5 $14) (30. Qxf6 Qxf6 31. Rxf6 Bxd5+ 32. cxd5 Rd8 $16) 30... Rxc6) 30. Rh4 $2 ({Weaker is} 30. Qxf6 Qxf6 31. Rxf6 Bxd5+ 32. cxd5 (32. Rxd5 Rexd5 33. cxd5 Rxd5 $11) 32... Kg7 $11) (30. Bxc6 $3 $18 {[%mdl 512] and the rest is easy. Rh4! would kill now.} Rxd1 (30... bxc6 31. Rh4) 31. Rh4) 30... Qe6 $16 {[%cal Re5d5]} 31. Qxh7+ Kf8 {[%cal Re5d5]} 32. Qh6+ ({White should try} 32. Qh8+ $16 Ke7 33. Qxd8+ Kxd8 34. Bxc6+ Kc7 35. Bf3) 32... Ke7 $14 33. Qf4 Bxd5+ 34. cxd5 Rdxd5 35. Rxd5 Qxd5+ {[%mdl 4096] Endgame KQR-KQR} 36. Qf3 b5 ({Black should play} 36... f5 $14) 37. Rf4 (37. Rh8 $16) 37... f5 $11 38. Qxd5 Rxd5 {KR-KR} 39. Kf3 Rd3+ 40. Ke2 Rb3 41. Rxf5 Rxb2+ 42. Kd3 c4+ 43. Kc3 Rb3+ 44. Kc2 Ke6 45. g4 (45. Rc5 $1 $15) 45... a6 $17 ({Don't play} 45... Rxa3 $6 46. Rxb5 Rf3 47. h4 $11) 46. a4 {[#]} bxa4 $2 (46... b4 $1 $19 {...Rd3 is the strong threat.} 47. Rf4 Rc3+ 48. Kb2 Kd5 49. Rf5+ Kd4 50. Rxf7 Ra3 51. Rd7+ Ke4 52. Re7+ Kf4) 47. Ra5 $11 {The position is equal.} Rf3 48. Rxa4 Kd5 49. Rxa6 Rxf2+ 50. Kc3 Rxh2 (50... Rf3+ {is interesting.} 51. Kd2 Kd4 52. Rd6+ Kc5 53. Rd7 f5) 51. Ra5+ Ke6 52. Kxc4 Rh4 53. Kd3 Rxg4 54. Ke3 f5 55. Kf3 Rb4 56. Rc5 Kf6 57. Rc8 Kg5 {Precision: White = 48%, Black = 42%.} 1/2-1/2

[Event "Hasselbacken Open 2018"]
[Site "Stockholm"]
[Date "2018.11.04"]
[Round "8"]
[White "Lindberg, Bengt"]
[Black "Agdestein, Simen"]
[Result "0-1"]
[WhiteElo "2401"]
[BlackElo "2574"]
[Annotator "TA"]
[PlyCount "98"]
[EventDate "2018.11.02"]
[EventCountry "SWE"]
[SourceTitle "playchess.com"]
[Source "ChessBase"]
[SourceQuality "1"]

{[%evp 22,98,0,0,0,-26,-43,-63,-44,-58,-58,-27,-39,-53,-54,-66,-62,-129,-60,-58,-31,-31,-35,-52,-51,-114,-116,-125,-33,-52,-40,-41,-32,-42,0,0,0,0,0,-9,0,0,0,0,0,0,0,0,0,0,0,0,0,0,0,0,0,-228,-228,-217,-227,-227,-198,-227,-225,-228,-242,-230,-243,-627,-575,-2704,-2646,-2131,-1915,-12829,-12833,-6149,-5910]} 1. e4 e6 2. d4 d5 3. Nc3 Nf6 4. Bg5 Bb4 5. e5 h6 6. Bd2 Bxc3 7. bxc3 Ne4 8. Qg4 g6 9. Bd3 Nxd2 10. Kxd2 c5 11. h4 c4 {C12: French: Classical System: McCutcheon Variation} (11... Qa5 12. Nf3 Nc6 13. Qf4 cxd4 14. h5 g5 15. Qf6 Rf8 16. Qxh6 g4 17. Ng5 Nxe5 18. Nh7 Rh8 19. Ke2 Nxd3 20. cxd3 Bd7 21. Nf6+ {½-½ (38) Anand,V (2800)-Shirov,A (2749) Bilbao 2010 CBM 139 [Edouard,R]}) 12. Be2 {LiveBook: 17 Games} Nc6 13. h5 g5 {Black has an edge.} 14. Qf3 $146 ({Predecessor:} 14. Re1 Qa5 15. a4 Bd7 16. f4 Nxd4 17. fxg5 Nf5 18. Nf3 d4 19. Nxd4 Rd8 20. Nxf5 exf5 21. Qh3 Bxa4+ 22. Kc1 Bb3 23. Bd3 Rxd3 24. cxd3 Qxc3+ {0-1 (24) Padmini,R (2319)-Habla,J (2316) Olongapo City 2010}) 14... Bd7 15. Qe3 f5 16. exf6 Qxf6 17. Nf3 O-O 18. Raf1 Qg7 19. Nh2 (19. Ne5 $15) 19... Rf4 (19... e5 $17 {[%cal Re5d4]} 20. dxe5 Rae8) 20. Bf3 $1 $15 Raf8 21. g3 R4f7 22. Bg2 b5 23. a3 (23. Ng4 $15) 23... a5 $1 $17 24. Ng4 {[#]} Kh7 (24... b4 $1 $17 25. axb4 axb4) 25. f3 $15 b4 (25... e5 {is interesting.} 26. Nxe5 Re7 27. Re1 Nxe5 28. dxe5 Rf5) 26. axb4 axb4 27. Ne5 $1 {[%cal Re5f7]} Nxe5 (27... Rf5 {looks sharper.} 28. Nxc6 bxc3+ 29. Kxc3 Bxc6 30. Bh3 R5f6) 28. Qxe5 Qxe5 29. dxe5 Bc6 30. Rhg1 g4 {[%cal Rg4f3]} 31. f4 $1 bxc3+ 32. Kxc3 Rf5 33. Ra1 Rxh5 34. Ra6 Rc8 35. Ra7+ Kg6 36. Kd4 Be8 37. c3 Rh2 38. Ra2 {Black must now prevent Be4+!} Kg7 39. Rb1 $2 (39. Ra7+ $11 {and White stays safe.} Kg6 40. Ra2) 39... Bg6 $19 40. Rb7+ {[#]} Kf8 $1 41. Rbb2 Bf5 42. Ke3 Rc7 43. Kd4 h5 44. Ke3 Kg7 45. Kf2 $2 {[#]} (45. Ra6) 45... d4 $1 {[%mdl 512] Black is clearly winning.} 46. cxd4 {intending Kg1.} c3 47. Rc2 Be4 48. Kg1 Rxg2+ 49. Rxg2 Bxg2 {Precision: White = 46%, Black = 68%.} 0-1

[Event "Hasselbacken Open 2018"]
[Site "Stockholm"]
[Date "2018.11.04"]
[Round "8"]
[White "Brynell, Stellan"]
[Black "Medvedyk, Volodymyr"]
[Result "1/2-1/2"]
[WhiteElo "2398"]
[BlackElo "2303"]
[Annotator "TA"]
[PlyCount "86"]
[EventDate "2018.11.02"]
[EventCountry "SWE"]
[SourceTitle "playchess.com"]
[Source "ChessBase"]
[SourceQuality "1"]

{[%evp 16,86,0,8,35,38,29,30,47,43,47,50,55,30,20,16,16,14,17,0,0,0,0,0,0,0,0,0,0,0,0,0,0,0,-7,0,29,-4,71,66,64,66,67,63,57,61,45,0,0,0,0,0,0,-59,0,-48,-66,-55,0,0,0,0,0,0,0,0,0,0,0,0,0,0,0]} 1. d4 d5 2. c4 e6 3. Nf3 Nf6 4. g3 Bb4+ 5. Bd2 Be7 6. Bg2 O-O 7. O-O Nbd7 8. Qc2 c6 9. Rd1 a5 {E11: Bogo-Indian} (9... b6 10. Bf4 Bb7 11. Ne5 Rc8 12. Nc3 Nh5 13. Bc1 Nhf6 14. e4 Bb4 15. Bg5 Qc7 16. Nxd7 Nxd7 17. a3 Bxc3 18. Qxc3 dxc4 19. Bf4 Qd8 20. Bd6 {0-1 (76) Dominguez Perez,L (2739)-Caruana,F (2822) Saint Louis 2018}) 10. Bf4 Nh5 11. Bc1 f5 {White has an edge.} 12. Nc3 h6 13. b3 {[#]} Nhf6 $146 {[%cal Bh5f6,Bf6e4,Be4c3][%mdl 32]} ({Predecessor:} 13... Bd6 14. e3 Nhf6 15. Bb2 Ne4 16. Ne2 a4 17. c5 {1-0 (39) Krishna,C (2334)-Shyam,S (2505) Dubai 2013}) 14. cxd5 exd5 15. Nh4 Ne4 16. Ng6 Nxc3 17. Nxe7+ Qxe7 18. Qxc3 Qxe2 19. Ba3 Rd8 20. Bf3 Qe6 21. Re1 Qg6 22. h4 {[%cal Bh2h4,Bh4h5][%mdl 32] With the idea h5.} Nf8 {[%cal Bd7f8,Bf8e6,Be6g5,Bg5h3][%mdl 32]} 23. h5 Qf7 $1 24. Re7 $36 {[%mdl 2048] White fights for an advantage.} Qf6 25. Rae1 {aiming for Re8.} Ne6 26. Re5 Bd7 (26... a4 $11) 27. Qe3 {Hoping for Rxd7!} Ng5 28. Bc5 f4 ({Wrong is} 28... Nf7 $2 {[#]} 29. Rxd7 $1 {[%mdl 512]} Nxe5 30. dxe5 $18) 29. gxf4 Nh3+ $1 30. Kf1 {[#] Bd1 is the strong threat.} Qxf4 31. Bb6 Rf8 32. Rxd7 Qxf3 33. Qxf3 Rxf3 34. Ree7 (34. Kg2 $11 Raf8 35. Bc5 Rxf2+ 36. Kxh3 R8f3+ 37. Kh4 Rf4+ 38. Kg3 R4f3+ 39. Kh4 Rf4+ 40. Kg3) 34... Rxf2+ $15 35. Ke1 Rg2 {White must now prevent ...a4.} 36. Bc7 $1 {[%cal Rc7e5]} Rf8 (36... Ng1 $1 $15 37. Rf7 Rf8 38. Rxf8+ Kxf8) 37. Be5 $11 {[%cal Re7g7] The position is equal.} Rg1+ 38. Kd2 {[%cal Re7g7]} Rf2+ 39. Kc3 {[%cal Re7g7]} Rc1+ 40. Kd3 Rd1+ 41. Kc3 Rc1+ 42. Kd3 Rd1+ 43. Kc3 Rc1+ {Precision: White = 77%, Black = 73%.} 1/2-1/2

[Event "Hasselbacken Open 2018"]
[Site "Stockholm"]
[Date "2018.11.04"]
[Round "8"]
[White "Seo, Jung Min"]
[Black "Rahul Kumar, Pune"]
[Result "1-0"]
[WhiteElo "2369"]
[BlackElo "2204"]
[Annotator "TA"]
[PlyCount "65"]
[EventDate "2018.11.02"]
[EventCountry "SWE"]
[SourceTitle "playchess.com"]
[Source "ChessBase"]
[SourceQuality "1"]

{[%evp 11,65,6,16,4,16,1,8,11,9,16,37,20,131,108,110,47,53,42,36,47,65,39,88,62,72,34,74,46,47,62,82,97,102,101,106,44,65,36,36,36,41,45,155,147,645,632,972,928,918,906,906,875,1599,1585,1598,1574]} 1. Nf3 d6 2. g3 g6 3. Bg2 Bg7 4. O-O Nf6 5. d3 O-O 6. e4 Nc6 7. Nc3 {A05: Réti Opening: 1 Nf3 Nf6} Bd7 (7... Rb8 8. Nh4 b5 9. a3 a5 10. f4 Bg4 11. Qd2 b4 12. axb4 axb4 13. Nd1 Nd4 14. h3 Bd7 {0-1 (22) Garcia Castro,P (2357)-Manolache,M (2478) Ourense 2014}) 8. h3 a6 9. a4 $146 {The position is equal.} ({Predecessor:} 9. Be3 b5 10. Qd2 Ne5 11. Nh2 c5 12. Bh6 Qc8 13. Bxg7 Kxg7 14. f4 Nc6 {1-0 (60) Sorial,H (2316)-Elgabry,M (2271) Tanta 2000}) 9... h6 10. Nd2 Nd4 11. Ne2 Nh5 (11... Nxe2+ $11 12. Qxe2 Qc8) 12. Nxd4 $16 Bxd4 {[#]} 13. Nb3 (13. g4 $1 $16) 13... Bg7 $1 $14 14. g4 Nf6 15. f4 c5 16. e5 Ne8 17. Bxb7 Rb8 18. Bg2 Qc7 19. Qe2 dxe5 20. fxe5 Bxe5 21. Bxh6 Ng7 22. Rae1 Bd6 23. Nd2 (23. Qd2 $16) 23... Kh7 $1 {[%cal Rh7h6]} 24. Bxg7 Kxg7 25. Nc4 $36 {[%mdl 2048] White has the initiative.} Bh2+ 26. Kh1 Bg3 ({Black should play} 26... Bf4 $14) 27. Qxe7 $16 Bxe1 $4 {[%mdl 8192]} (27... Qd8 $16) 28. Ne5 $18 {[%cal Rf1f7] White is clearly winning.} ({Worse is} 28. Qxe1 Rbe8 $15) 28... Kg8 29. Rxf7 {[#] White wants to mate with Rg7+.} ({Stronger than} 29. Rxe1 Rbe8 $15) 29... Qxe5 30. Rxf8+ Rxf8 31. Qxe5 {Strongly threatening Bd5+.} Re8 32. Qd6 Be6 33. Bc6 {Precision: White = 50%, Black = 30%.} 1-0